Welcome to CU Library Online Public Access Catalogue (OPAC)

Indigenous political structures and governance in Africa / (Record no. 2582)

MARC details
000 -LEADER
fixed length control field 00817cam a2200217 a 4500
001 - CONTROL NUMBER
control field 13749599
005 - DATE AND TIME OF LATEST TRANSACTION
control field 20250116153427.0
008 - FIXED-LENGTH DATA ELEMENTS--GENERAL INFORMATION
fixed length control field 041013s2003 ng a b 101 0 eng d
020 ## - INTERNATIONAL STANDARD BOOK NUMBER
International Standard Book Number 9788059066 (pbk.)
020 ## - INTERNATIONAL STANDARD BOOK NUMBER
International Standard Book Number 9788059031
050 00 - LIBRARY OF CONGRESS CALL NUMBER
Classification number JQ1875
Item number .I53 2003
245 00 - TITLE STATEMENT
Title Indigenous political structures and governance in Africa /
Statement of responsibility, etc. edited by Olufemi Vaughan.
260 ## - PUBLICATION, DISTRIBUTION, ETC.
Place of publication, distribution, etc. Ibadan, Nigeria :
Name of publisher, distributor, etc. Sefer,
Date of publication, distribution, etc. 2003.
300 ## - PHYSICAL DESCRIPTION
Extent xxiii, 435 p. :
Other physical details ill. ;
Dimensions 22 cm.
500 ## - GENERAL NOTE
General note Papers presented at an international conference in Ibadan, Nigeria in July 2001.
650 #0 - SUBJECT ADDED ENTRY--TOPICAL TERM
Topical term or geographic name entry element Local government
Geographic subdivision Africa, Sub-Saharan
Form subdivision Congresses.
650 #0 - SUBJECT ADDED ENTRY--TOPICAL TERM
Topical term or geographic name entry element Tribal government
Geographic subdivision Africa, Sub-Saharan
Form subdivision Congresses.
650 #0 - SUBJECT ADDED ENTRY--TOPICAL TERM
Topical term or geographic name entry element Political anthropology
Geographic subdivision Africa, Sub-Saharan
Form subdivision Congresses.
700 1# - ADDED ENTRY--PERSONAL NAME
Personal name Vaughan, Olufemi.
942 ## - ADDED ENTRY ELEMENTS (KOHA)
Source of classification or shelving scheme Library of Congress Classification
Koha item type Books
Suppress in OPAC No
999 ## -
-- 2582
-- 2582
Holdings
Withdrawn status Lost status Source of classification or shelving scheme Damaged status Not for loan Collection Home library Current library Shelving location Date acquired Total checkouts Full call number Barcode Date last seen Copy number Price effective from Koha item type
    Library of Congress Classification     Non-fiction Undergraduate Library (Christ Temple) Undergraduate Library (Christ Temple) General stacks 01/16/2025   JS7525 VAU ulct00000809 01/16/2025 1 01/16/2025 Books
    Library of Congress Classification     Non-fiction Undergraduate Library (Christ Temple) Undergraduate Library (Christ Temple) General stacks 01/16/2025   JS7525 VAU ulct00000810 01/16/2025 2 01/16/2025 Books
    Library of Congress Classification     Non-fiction Undergraduate Library (Christ Temple) Undergraduate Library (Christ Temple) General stacks 01/16/2025   JS7525 VAU ulct00000811 01/16/2025 1 01/16/2025 Books
© 2023-2024 Copyright: Central University Libraries. All Rights Reserved | Created by: Mahone Tech Office